Spanish Infinitives - A - Statistics

General Stats
  • This quiz has been taken 8 times
  • The average score is 10 of 15
Answer Stats
Hint Answer % Correct
Aceptar to accept
100%
Aplicar to apply
100%
Almorzar to eat lunch
100%
Ayudar to help
100%
Aprender to learn
100%
Abrir to open
100%
Amar to love
86%
Apagar to turn off
86%
Acostarse to go to bed
71%
Acabar to end
57%
Abrazar to embrace
43%
Atrapar to trap
43%
Acortar to shorten
29%
Arreglar to fix
14%
Acercar to bring near
0%
No matching quizzes found
Score Distribution
Percent of People with Each Score
Percentile by Number Answered
Your Score History
You have not taken this quiz